| 000 | 01581cam a22002895a 4500 | ||
|---|---|---|---|
| 001 | L141005 | ||
| 008 | 071024s2006 xxk f 001 0 eng d | ||
| 020 |
_a1859461891 _a9781859461891 |
||
| 035 | _a(Sirsi) u141005 | ||
| 041 | 0 | _aeng | |
| 050 | 0 | 4 | _a692.8 $2 18 |
| 100 | 1 | _aLupton, Sarah | |
| 245 | 0 | 0 | _aGuide to SBC05 |
| 260 |
_aLondon _bRIBA _c2006 |
||
| 300 |
_axi, 183p. _c25cm. |
||
| 350 | _a39.95 | ||
| 505 | 2 | _aAbout SBC05 -- Comparison with JCT98 -- The contract documents -- Contractor's obligations -- Programme -- Control of the works -- Sums properly due -- Payment -- Insurance -- Termination -- Dispute resolution -- Appendices: clause comparison table; activity schedule | |
| 520 | _aProvides practical guidance on the operation and administration of the JCT Standard Form of Building Contract (2005 edition). Gives an overview of the form, explains why it might be selected, and looks at the various documents that might form part of the contract package. Includes comparisons with JCT98 and examines SBC05 on a topic by topic basis. Case law. | ||
| 520 | _aSupersedes "Guide to JCT98" (ISBN 1859460461). | ||
| 521 | 2 | _aAdvanced | |
| 650 | 2 | 4 | _aJCT STANDARD BUILDING CONTRACT WITH QUANTITIES (2005 EDITION) |
| 650 | 2 | 4 | _aJCT STANDARD BUILDING CONTRACT WITH APPROXIMATE QUANTITIES (2005 EDITION) |
| 650 | 2 | 4 | _aJCT STANDARD BUILDING CONTRACT WITHOUT QUANTITIES (2005 EDITION) |
| 651 | 4 |
_aUnited Kingdom _y |
|
| 690 | _aBUILT ENVIRONMENT-BUILDING CONTRACT FORMS-STANDARD FORMS OF BUILDING CONTRACT-JOINT CONTRACTS TRIBUNAL CONTRACTS | ||
| 942 | _n0 | ||
| 999 |
_c107599 _d107599 |
||